000 00623nam a22002057a 4500
005 20240403104430.0
008 240403b ||||| |||| 00| 0 eng d
020 _a9789355738783
040 _cAIMIT LIBRARY
082 _22
_a657.3
_bNARM
100 _aNarasimha, M S.
_9157992
245 _aFinancial statements and analysis /
_cBy M S Narasimhan.
250 _a2nd ed.
260 _aIndia :
_bCengage ,
_c2023
300 _axi,7.23p. ;
650 _aThe balance sheet
_9157993
650 _aStatement of cash flows
_9157994
650 _aAnalysis of financial statements
_9157995
942 _2ddc
_cBK
_e2nd
_k657.3 NARM
999 _c230649
_d230649